Computer architecture : (Record no. 537)

000 -LEADER
fixed length control field 01282cam a2200313 a 4500
001 - CONTROL NUMBER
control field 14469713
005 - DATE AND TIME OF LATEST TRANSACTION
control field 20140116120831.0
008 - FIXED-LENGTH DATA ELEMENTS--GENERAL INFORMATION
fixed length control field 060727s2007 ne a b 001 0 eng
010 ## - LIBRARY OF CONGRESS CONTROL NUMBER
LC control number 2006024358
020 ## - INTERNATIONAL STANDARD BOOK NUMBER
International Standard Book Number 9780123704900
035 ## - SYSTEM CONTROL NUMBER
System control number (OCoLC)ocm70830951
035 ## - SYSTEM CONTROL NUMBER
System control number (OCoLC)70830951
040 ## - CATALOGING SOURCE
Original cataloging agency DLC
Transcribing agency DLC
Modifying agency BAKER
-- C#P
-- YDXCP
-- DLC
050 00 - LIBRARY OF CONGRESS CALL NUMBER
Classification number QA76.9.A73H46 2007
100 1# - MAIN ENTRY--PERSONAL NAME
Personal name Hennessy, John L.
245 10 - TITLE STATEMENT
Title Computer architecture :
Remainder of title a quantitative approach /
Statement of responsibility, etc John L. Hennessy, David A. Patterson ; with contributions by Andrea C. Arpaci-Dusseau ... [et al.].
250 ## - EDITION STATEMENT
Edition statement 4th ed.
260 ## - PUBLICATION, DISTRIBUTION, ETC. (IMPRINT)
Place of publication, distribution, etc Amsterdam ;
-- Boston :
Name of publisher, distributor, etc Morgan Kaufmann,
Date of publication, distribution, etc 2007.
300 ## - PHYSICAL DESCRIPTION
Extent 1 v. (various pagings) :
Other physical details ill.
504 ## - BIBLIOGRAPHY, ETC. NOTE
Bibliography, etc Includes bibliographical references and index.
650 #0 - SUBJECT ADDED ENTRY--TOPICAL TERM
Topical term or geographic name as entry element Computer architecture.
700 1# - ADDED ENTRY--PERSONAL NAME
Personal name Patterson, David A.
700 1# - ADDED ENTRY--PERSONAL NAME
Personal name Arpaci-Dusseau, Andrea C.
856 41 - ELECTRONIC LOCATION AND ACCESS
Materials specified Table of contents only
Uniform Resource Identifier <a href="http://www.loc.gov/catdir/toc/ecip0618/2006024358.html">http://www.loc.gov/catdir/toc/ecip0618/2006024358.html</a>
856 42 - ELECTRONIC LOCATION AND ACCESS
Materials specified Publisher description
Uniform Resource Identifier <a href="http://www.loc.gov/catdir/enhancements/fy0665/2006024358-d.html">http://www.loc.gov/catdir/enhancements/fy0665/2006024358-d.html</a>
906 ## - LOCAL DATA ELEMENT F, LDF (RLIN)
a 7
b cbc
c orignew
d 1
e ecip
f 20
g y-gencatlg
942 ## - ADDED ENTRY ELEMENTS (KOHA)
Source of classification or shelving scheme
Item type Book
Holdings
Withdrawn status Lost status Source of classification or shelving scheme Damaged status Not for loan Home library Current library Date acquired Source of acquisition Total Checkouts Full call number Barcode Date last seen Date last borrowed Copy number Price effective from Koha item type
          Riara University Library Riara University Library 22/10/2011 Purchase 2 QA76.9.A73H46 2007 2602/11 12/04/2024 03/04/2024 C.1 22/10/2011 Book
          Riara University Library Riara University Library 22/10/2011 Purchase 1 QA76.9.A73H46 2007 2601/11 11/06/2014 10/06/2014 C.2 22/10/2011 Book
          Riara University Library Riara University Library 22/10/2011 Purchase 2 QA76.9.A73H46 2007 2600/11 25/11/2016 31/10/2016 C.3 22/10/2011 Book

Riara University Library,
P.O. Box 49940-00100,
Nairobi, Kenya.